[Event "Bogota Empresas op"]
[Site "Bogota"]
[Date "2024.05.19"]
[Round "4"]
[White "Baquero Gonzalez, Wilson Fernando"]
[Black "Perez Quevedo, Oscar Daniel"]
[Result "0-1"]
[WhiteElo "1600"]
[BlackElo "1614"]
[PlyCount "46"]
[EventDate "2024.05.19"]
[EventType "swiss"]
[EventRounds "7"]
[EventCountry "COL"]
[SourceTitle "CBM 220 Extra"]
[Source "ChessBase"]
[SourceDate "2024.07.31"]
[SourceVersion "1"]
[SourceVersionDate "2024.07.31"]
[SourceQuality "1"]

1. e4 e5 2. Nf3 Nc6 3. d4 exd4 4. Nxd4 Bc5 5. Be3 Qe7 6. Nc3 Nf6 7. Nxc6 dxc6 8. Bxc5 Qxc5 9. Bd3 Be6 10. 0-0 0-0 11. Re1 Rad8 12. Ne2 Nxe4 13. Rf1 Rfe8 14. Nf4 Nf6 15. Qf3 Bf5 16. b4 Qe5 17. Bxf5 Qxf5 18. c4 Re4 19. Rad1 Rde8 20. g3 g5 21. Qc3 gxf4 22. gxf4 Rxf4 23. Qg3+ Rg4 0-1

[Event "Bogota Empresas op"]
[Site "Bogota"]
[Date "2024.05.19"]
[Round "6"]
[White "Baquero Gonzalez, Wilson Fernando"]
[Black "Soracipa Rubiano, Andres Felipe"]
[Result "0-1"]
[WhiteElo "1600"]
[BlackElo "1752"]
[PlyCount "74"]
[EventDate "2024.05.19"]
[EventType "swiss"]
[EventRounds "7"]
[EventCountry "COL"]
[SourceTitle "CBM 220 Extra"]
[Source "ChessBase"]
[SourceDate "2024.07.31"]
[SourceVersion "1"]
[SourceVersionDate "2024.07.31"]
[SourceQuality "1"]

1. e4 c6 2. d4 d5 3. exd5 cxd5 4. c4 Nf6 5. Nc3 Bf5 6. Nf3 e6 7. Bg5 dxc4 8. Bxc4 Be7 9. 0-0 0-0 10. Ne2 h6 11. Bxf6 Bxf6 12. a4 Nc6 13. Qd2 Qa5 14. Qxa5 Nxa5 15. Ba2 Rfd8 16. Rfd1 Nc6 17. h3 Rd6 18. g4 Bh7 19. h4 Rad8 20. Rd2 Bxd4 21. Nfxd4 Nxd4 22. Nxd4 Rxd4 23. Rxd4 Rxd4 24. Rc1 Rxg4+ 25. Kh2 Be4 26. Kh3 Rf4 27. Rc4 Bf5+ 28. Kg3 Rxc4 29. Bxc4 Kf8 30. Kf4 Ke7 31. b4 Kd6 32. b5 Bc2 33. a5 b6 34. axb6 axb6 35. Ke3 Kc5 36. Be2 Ba4 37. f4 Bxb5 0-1

[Event "Bogota Empresas op"]
[Site "Bogota"]
[Date "2024.05.19"]
[Round "1"]
[White "Barrios, Hernando"]
[Black "Baquero Gonzalez, Wilson Fernando"]
[Result "1-0"]
[WhiteElo "1924"]
[BlackElo "1600"]
[PlyCount "59"]
[EventDate "2024.05.19"]
[EventType "swiss"]
[EventRounds "7"]
[EventCountry "COL"]
[SourceTitle "CBM 220 Extra"]
[Source "ChessBase"]
[SourceDate "2024.07.31"]
[SourceVersion "1"]
[SourceVersionDate "2024.07.31"]
[SourceQuality "1"]

1. d4 d5 2. c4 Nf6 3. cxd5 Nxd5 4. e4 Nf6 5. Nc3 e6 6. a3 Be7 7. Bd3 Nbd7 8. Nf3 c6 9. 0-0 0-0 10. Bf4 b5 11. Qe2 Bb7 12. Rfe1 a5 13. e5 Nd5 14. Qe4 f5 15. exf6 N7xf6 16. Qxe6+ Rf7 17. Bd2 Nxc3 18. bxc3 Ra6 19. Ne5 Qe8 20. Qxf7+ Qxf7 21. Nxf7 Kxf7 22. c4 Kf8 23. cxb5 cxb5 24. Bxb5 Rd6 25. Be3 Nd5 26. Rec1 Nxe3 27. fxe3 Re6 28. Rc3 Bg5 29. Rf1+ Ke7 30. Rc7+ 1-0